Malaysia : Insight guides

Bibliographic Details
Format: Book
Language:English
Published: Kuala Lumpur : APA Publications 1989
Subjects:

MARC

LEADER 00000cam a2200000 7i4500
001 0000001933
005 20240925.0
008 240318 my o eng
040 |a INS   |b eng   |e rda 
090 0 0 |a RDS592.6   |b .M232 1989 
245 0 0 |a Malaysia :   |b Insight guides 
264 1 |a Kuala Lumpur :   |b APA Publications   |c 1989 
300 |a 348 pages :   |b colour photographs ;   |c 23 cm. 
336 |a text  |2 rdacontent 
337 |a unmediated  |2 rdamedia 
338 |a volume  |2 rdacarrier 
650 0 0 |a Tourist trade   |x Posters   |z Malaysia 
999 |a 0000003528   |b BOOK   |c Red Spot   |e Default branch